Scarlet Sky Lyrics - Statistics

General Stats
  • This quiz has been taken 5 times
  • The average score is 77 of 110
Answer Stats
Answer % Correct
A
100%
And
100%
Day
100%
Do
100%
For
100%
From
100%
I
100%
It
100%
On
100%
Saw
100%
Scarlet
100%
Sky
100%
The
100%
To
100%
We
100%
You
100%
All
67%
Circled
67%
Continue
67%
Could
67%
Down
67%
Early
67%
Holding
67%
I'm
67%
Made
67%
Never
67%
Our
67%
Own
67%
Paths
67%
Promise
67%
Remember
67%
Say
67%
See
67%
Some
67%
Summer
67%
Table
67%
Take
67%
That
67%
Them
67%
Us
67%
Vow
67%
Waiting
67%
While
67%
Will
67%
Wind
67%
Your
67%
Arrive
33%
At
33%
Away
33%
Couldn't
33%
Deliver
33%
Elongated
33%
Forced
33%
Holds
33%
Keep
33%
Mile
33%
Mornings
33%
News
33%
Nights
33%
Not
33%
One
33%
Shadows
33%
Smile
33%
Steps
33%
Sure
33%
You'll
33%
Close
0%
Clung
0%
Empty
0%
First
0%
Notice
0%
Pretend
0%
Together
0%
No matching quizzes found
Score Distribution
Percent of People with Each Score
Percentile by Number Answered
Your Score History
You have not taken this quiz